000
00292cam a22001217a 4500
008
180718b1988 xxu||||| |||| 00| 0 eng d
082
_a
B1 Sh23
100
_a
Sharma, S.S.
245
_a
Social system
_c
by S.S. Sharma
260
_a
Meerut
_b
Sarup
_c
1988
300
_a
124p.
650
_a
Sociology
999
_c
354578
_d
354578